|
|
|
|
| LEADER |
00000ny a22000003n 4500 |
| 005 |
20110621110929.0 |
| 008 |
060704s2006 sp 001 0 spa c |
| 017 |
|
|
|a D.L. SE.1970-2006
|
| 020 |
|
|
|a 849772853X
|
| 035 |
|
|
|a 1404
|
| 040 |
|
|
|a SpMaUCDE
|d vlex
|
| 040 |
|
|
|a UMA.RE
|d vlex
|
| 080 |
|
|
|a 343.2-054.6(460)(0.034)
|
| 090 |
|
|
|c 1322
|d 1322
|
| 100 |
1 |
|
|a Přez Ferrer, Ft̀ima
|
| 245 |
1 |
0 |
|a Anl̀isis dogmt̀ico y polt̕ico-criminal de los delitos contra los derechos de los ciudadanos extranjeros
|h [Recurso electrn̤ico]
|c Ft̀ima Přez Ferrer
|
| 256 |
|
|
|a Servicio en ln̕ea
|
| 260 |
|
|
|a Madrid :
|b Dykinson,
|c D.L. 2006
|
| 300 |
|
|
|a 153 p. ;
|c 21 cm
|
| 504 |
|
|
|a Bibliografa̕
|
| 506 |
1 |
|
|a Contenido solo disponible en los productos indicados
|d vLex Global
|d vLex Global (Academic Edition, excluding Law Schools)
|d vLex Global (U.S. Academic Edition, Law Schools)
|d vLex Global (U.S. Academic Edition, excluding Law Schools)
|d vLex Global (Academic Edition, Law Schools)
|
| 650 |
0 |
7 |
|a Penal
|2 Tesauro vLex
|
| 650 |
0 |
7 |
|a Delito
|2 Tesauro vLex
|
| 650 |
0 |
7 |
|a Filosofa̕ del derecho
|2 Tesauro vLex
|
| 650 |
0 |
7 |
|a Delitos contra los derechos de los ciudadanos extranjeros
|2 Tesauro vLex
|
| 650 |
0 |
7 |
|a Delitos
|2 Tesauro vLex
|
| 650 |
0 |
7 |
|a Derechos de los extranjeros
|2 Tesauro vLex
|
| 650 |
0 |
7 |
|a Utilizacin̤ ilc̕ita de trabajadores extranjeros
|2 Tesauro vLex
|
| 740 |
0 |
|
|a vLex Libros (Servicios en ln̕ea)
|
| 856 |
4 |
0 |
|u http://vlex.com/source/1404
|z Acceso restringido
|
| 942 |
|
|
|c BOOK
|